| 000 | 00759nam a2200277Ia 4500 | ||
|---|---|---|---|
| 001 | Para_6380 | ||
| 003 | CHAP | ||
| 008 | 220125s1916 xx 000 0 und d | ||
| 010 | _a205092 | ||
| 020 | _a(M/BAJA) | ||
| 040 | _cCHAP | ||
| 082 | _aPA 595.76 B5 | ||
| 100 |
_aBlatchley, W. S. _9171041 |
||
| 245 |
_aRhynchophora or weevils of North Eastern América / _c W. S. Blatchley y C. W. Leng |
||
| 260 |
_aIndianapolis : _b The Nature Publishing |
||
| 300 | _a262 p. | ||
| 650 |
_aColeopteros _x EUA _9166252 |
||
| 650 |
_aEUA _x Coleópteros _9171042 |
||
| 901 | _aPA 595.76 B5 | ||
| 902 | _aM | ||
| 905 | _a0000001916 a 0000000000 00 | ||
| 910 | _a1916 | ||
| 942 | _cPARA | ||
| 942 |
_cPARA _d1 |
||
| 999 |
_c205092 _d205092 |
||